[Event "Landesklasse Ost 2014/2015"]
[Site "?"]
[Date "2015.03.22"]
[Round "8"]
[White "Schmidt, Frank"]
[Black "Monossova, Maria"]
[Result "0-1"]
[WhiteElo "1384"]
[BlackElo "1552"]
[PlyCount "58"]
[EventDate "2015.??.??"]
[WhiteTeam "Schachzirkel Elstertal Langenberg"]
[BlackTeam "SV Schott Jena"]

1. d4 Nf6 2. c4 d5 3. e3 e6 4. Nc3 b6 5. Nf3 Bb7 6. cxd5 Nxd5 7. Bd2 Be7 8. a3
O-O 9. Bd3 c5 10. Qc2 Nf6 11. O-O-O cxd4 12. Nxd4 Nbd7 13. Ne4 Rc8 14. Bc3 h6
15. Kb1 Nd5 16. Qe2 Nxc3+ 17. Nxc3 Bxa3 18. Ncb5 Bc5 19. Qg4 Ne5 20. Nxe6 Nxg4
21. Nxd8 Rcxd8 22. Rd2 Bb4 23. Nc3 Rxd3 24. Rxd3 Nxf2 25. Rhd1 Nxd3 26. Rxd3
Be4 27. Kc2 Bxd3+ 28. Kxd3 Bxc3 29. bxc3 Rd8+ 0-1

[Event "Landesklasse Ost 2014/2015"]
[Site "?"]
[Date "2015.03.22"]
[Round "8"]
[White "Buring, Matthias"]
[Black "Seidens, Gunter"]
[Result "1-0"]
[WhiteElo "2052"]
[BlackElo "1902"]
[PlyCount "89"]
[EventDate "2015.??.??"]
[WhiteTeam "SG Arnstadt-Stadtilm"]
[BlackTeam "VfL 1990 Gera"]

1. d4 Nf6 2. Nf3 e6 3. c4 Bb4+ 4. Bd2 Qe7 5. Nc3 O-O 6. e3 d5 7. Bd3 Nbd7 8.
O-O c5 9. a3 Bxc3 10. Bxc3 b6 11. b4 cxd4 12. exd4 dxc4 13. Bxc4 Bb7 14. b5
Rfc8 15. Bb4 Qd8 16. Rc1 Bd5 17. Be2 Rxc1 18. Qxc1 Rc8 19. Qe3 Bc4 20. Bxc4
Rxc4 21. Qb3 Qc7 22. Bc5 Rxc5 23. dxc5 Nxc5 24. Qc2 h6 25. Rd1 Nd5 26. g3 Qe7
27. Ne5 f5 28. Nc6 Qf7 29. Qc4 Kh7 30. Nd8 Qh5 31. Re1 Qf3 32. Qe2 Qxa3 33.
Nxe6 Ne4 34. f3 Nef6 35. Qe5 Qxf3 36. Nd4 Qc3 37. Qxf5+ g6 38. Qf2 h5 39. h4
Kh6 40. Re6 Kg7 41. Rc6 Qa1+ 42. Kg2 Ng4 43. Ne6+ Kh7 44. Qf7+ Kh6 45. Qf8+ 1-0

[Event "Landesklasse Ost 2014/2015"]
[Site "?"]
[Date "2015.03.22"]
[Round "8"]
[White "Schönfeld, Volker"]
[Black "Sauer, Marko"]
[Result "0-1"]
[WhiteElo "1885"]
[BlackElo "2008"]
[PlyCount "54"]
[EventDate "2015.??.??"]
[WhiteTeam "VfL 1990 Gera"]
[BlackTeam "SG Arnstadt-Stadtilm"]

1. e4 c5 2. c3 d5 3. exd5 Qxd5 4. d4 Nc6 5. Nf3 Bg4 6. Be2 e6 7. O-O Nf6 8. h3
Bf5 9. Be3 cxd4 10. cxd4 a6 11. Nc3 Qa5 12. a3 Bd6 13. b4 Qd8 14. Qb3 O-O 15.
Rfd1 Ne7 16. Bg5 Ne4 17. Bxe7 Qxe7 18. Rac1 Rfc8 19. Na4 Bf4 20. Rxc8+ Rxc8 21.
g3 Nxg3 22. fxg3 Bc2 23. Qb2 Be3+ 24. Kg2 Bxa4 25. Re1 Rc2 26. Qb1 Qc7 27. Qd1
Bb5 0-1

[Event "Landesklasse Ost 2014/2015"]
[Site "?"]
[Date "2015.03.22"]
[Round "8"]
[White "Richter, Sven"]
[Black "Widmann, Benjamin"]
[Result "0-1"]
[WhiteElo "1932"]
[BlackElo "1832"]
[PlyCount "78"]
[EventDate "2015.??.??"]
[WhiteTeam "VfL 1990 Gera"]
[BlackTeam "SG Arnstadt-Stadtilm"]

1. e4 c5 2. Nf3 Nc6 3. g3 g6 4. Bg2 Bg7 5. O-O Nf6 6. Re1 O-O 7. c3 d5 8. e5
Ng4 9. d4 Qb6 10. h3 Nh6 11. dxc5 Qxc5 12. Be3 Qa5 13. g4 f5 14. exf6 exf6 15.
b4 Qd8 16. Nh2 Ne7 17. Bc5 Re8 18. Na3 f5 19. Nb5 Nf7 20. Nd6 Nxd6 21. Rxe7
Rxe7 22. Qxd5+ Kh8 23. Rd1 Be6 24. Qxd6 Rd7 25. Qxe6 Rxd1+ 26. Nf1 fxg4 27.
Qxg4 Qd3 28. c4 b6 29. Be3 Re8 30. c5 bxc5 31. bxc5 Bd4 32. Bxd4+ Qxd4 33. c6
Qxg4 34. hxg4 Re2 35. Bf3 Ree1 36. Bxd1 Rxd1 37. Kg2 Rc1 38. Ne3 Rxc6 39. Nd5
Ra6 0-1

[Event "Landesklasse Ost 2014/2015"]
[Site "?"]
[Date "2015.03.22"]
[Round "8"]
[White "Zeising, Benjamin"]
[Black "Manicke, Hans-Joachim"]
[Result "1/2-1/2"]
[WhiteElo "1799"]
[BlackElo "1902"]
[PlyCount "55"]
[EventDate "2015.??.??"]
[WhiteTeam "SG Arnstadt-Stadtilm"]
[BlackTeam "VfL 1990 Gera"]

1. Nc3 d5 2. d4 e6 3. e4 dxe4 4. f3 e3 5. Bxe3 Nf6 6. Bc4 c6 7. Nge2 Be7 8. Ng3
O-O 9. Nge4 Nd5 10. Bf2 Nd7 11. O-O N7f6 12. Nxf6+ Nxf6 13. Ne4 b6 14. Qe2 Bb7
15. Rad1 h6 16. Rfe1 Qd7 17. Bg3 Rfd8 18. Bb3 Nxe4 19. Qxe4 c5 20. Qg4 Bf6 21.
Be5 Bxe5 22. Rxe5 Qe7 23. d5 Qf6 24. Qe4 exd5 25. Bxd5 Bxd5 26. Rdxd5 Rxd5 27.
Qxd5 Rd8 28. Qe4 1/2-1/2

[Event "Landesklasse Ost 2014/2015"]
[Site "?"]
[Date "2015.03.22"]
[Round "8"]
[White "Kretzschmar, Bernd"]
[Black "Schumacher, Andreas"]
[Result "1-0"]
[WhiteElo "1821"]
[BlackElo "1722"]
[PlyCount "83"]
[EventDate "2015.??.??"]
[WhiteTeam "VfL 1990 Gera"]
[BlackTeam "SG Arnstadt-Stadtilm"]

1. e4 c5 2. Nf3 d6 3. b3 Nc6 4. Bb2 e6 5. d4 cxd4 6. Nxd4 Nf6 7. Nxc6 bxc6 8.
Bd3 Be7 9. O-O O-O 10. Kh1 Nd7 11. c4 Bf6 12. Nc3 Qc7 13. f4 Bb7 14. Qh5 g6 15.
Qh3 Rad8 16. Rad1 Rfe8 17. Bb1 Bg7 18. Qg3 Nb6 19. Qf2 d5 20. c5 Nc8 21. e5 Ba6
22. Rfe1 Ne7 23. Na4 Bb5 24. Nc3 Ba6 25. Ne2 Rb8 26. Nd4 Qa5 27. Rc1 Qc7 28. g4
Kh8 29. Qh4 h6 30. Bc3 Bb7 31. Qg3 Qd7 32. Rg1 Ng8 33. f5 exf5 34. Nxf5 Qe6 35.
Nxg7 Kxg7 36. Bf5 Qe7 37. Bd7 Rf8 38. e6+ f6 39. g5 Kh7 40. gxf6 Nxf6 41. Qxg6+
Kh8 42. Qxh6+ 1-0

[Event "Landesklasse West 2014/2015"]
[Site "?"]
[Date "2015.03.01"]
[Round "7"]
[White "Recknagel, Michael"]
[Black "Essegern, Kurt"]
[Result "1-0"]
[WhiteElo "2164"]
[BlackElo "1977"]
[PlyCount "169"]
[EventDate "2015.??.??"]
[WhiteTeam "SC Suhl"]
[BlackTeam "Randspringer Bad Salzungen"]

1. e4 c5 2. Nf3 Nc6 3. Bb5 g6 4. O-O Bg7 5. Re1 Nd4 6. Nxd4 cxd4 7. d3 e6 8.
Nd2 a6 9. Bc4 Ne7 10. Nf3 d5 11. exd5 Nxd5 12. Bg5 Qd6 13. Qd2 h6 14. Bh4 Ne7
15. Bg3 Qb6 16. Bb3 O-O 17. Be5 Nc6 18. Bd6 Rd8 19. Bf4 Kh7 20. Re4 Qa5 21.
Qxa5 Nxa5 22. Bc7 Nxb3 23. axb3 Rd5 24. Be5 f5 25. Bxg7 fxe4 26. dxe4 Rc5 27.
Bxd4 Rxc2 28. Bc3 Bd7 29. Nd4 Rxc3 30. bxc3 Kg7 31. Rd1 Kf6 32. f3 b5 33. b4 a5
34. bxa5 Rxa5 35. Rd2 Ra3 36. Ne2 Ke7 37. e5 g5 38. Kf2 Rb3 39. Rd4 Rb2 40. Ke3
Bc6 41. Rd2 Rb3 42. Kd4 Bd5 43. Nc1 Rb1 44. Nd3 Bc4 45. Nb2 Bb3 46. Kc5 Rc1 47.
Kxb5 Rxc3 48. Kb4 Re3 49. Rd3 Rxd3 50. Nxd3 Bd5 51. Kc5 Bb7 52. Kd4 g4 53. fxg4
Bxg2 54. Ke3 Kf7 55. Nf4 Bc6 56. Kf2 Ba4 57. Kg3 Bb3 58. Kh4 Kg7 59. Kh5 Ba2
60. Kh4 Bb3 61. Nh5+ Kg6 62. Nf6 Bc2 63. Nd7 Bb3 64. Nc5 Bd5 65. Nd3 Bc4 66.
Nf4+ Kg7 67. Kg3 Bb3 68. Kf2 Kf7 69. Ke3 Bd1 70. h3 Bb3 71. Kd3 Ba4 72. Kc3 Bb5
73. Kb4 Bf1 74. Kc5 Ke7 75. h4 Ba6 76. g5 hxg5 77. hxg5 Bb7 78. Kd4 Kf7 79. Ke3
Bc6 80. Kf2 Be4 81. Kg3 Bf5 82. Kh4 Kg7 83. Kh5 Kh7 84. g6+ Kg7 85. Kg5 1-0

[Event "Landesklasse West 2014/2015"]
[Site "?"]
[Date "2015.03.01"]
[Round "7"]
[White "Hübschmann, Holger"]
[Black "Silberschlag, Jörg"]
[Result "1/2-1/2"]
[WhiteElo "1879"]
[BlackElo "2101"]
[PlyCount "37"]
[EventDate "2015.??.??"]
[WhiteTeam "Randspringer Bad Salzungen"]
[BlackTeam "SC Suhl"]

1. Nf3 d5 2. c4 e6 3. b3 Nf6 4. e3 Nbd7 5. Bb2 b6 6. cxd5 exd5 7. Bb5 Bb7 8.
Ne5 a6 9. Bc6 Bxc6 10. Nxc6 Qc8 11. d4 Qb7 12. Qc2 Bc5 13. Ne5 Bb4+ 14. Bc3 Bd6
15. O-O O-O 16. Nxd7 Nxd7 17. Nd2 Rfe8 18. Rfe1 Nf6 19. Re2 1/2-1/2

[Event "Landesklasse West 2014/2015"]
[Site "?"]
[Date "2015.03.01"]
[Round "7"]
[White "Berghof, Axel"]
[Black "Essegern, Uwe"]
[Result "1-0"]
[WhiteElo "2057"]
[BlackElo "1860"]
[PlyCount "41"]
[EventDate "2015.??.??"]
[WhiteTeam "SC Suhl"]
[BlackTeam "Randspringer Bad Salzungen"]

1. e4 c5 2. b4 cxb4 3. a3 d5 4. e5 Nc6 5. axb4 Nxe5 6. d4 Ng6 7. h4 e6 8. h5
N6e7 9. Nf3 Nf5 10. Ne5 Nd6 11. Nc3 Nf6 12. Bd3 Qb6 13. Na4 Qc7 14. O-O Bd7 15.
Qf3 b6 16. h6 Nfe4 17. Nxd7 Kxd7 18. c4 gxh6 19. c5 Nf5 20. Nxb6+ axb6 21. Rxa8
1-0

[Event "Landesklasse West 2014/2015"]
[Site "?"]
[Date "2015.03.01"]
[Round "7"]
[White "Schulz, Tilo"]
[Black "Feld-Gerdes, Wolfgang"]
[Result "0-1"]
[WhiteElo "1881"]
[BlackElo "2035"]
[PlyCount "38"]
[EventDate "2015.??.??"]
[WhiteTeam "Randspringer Bad Salzungen"]
[BlackTeam "SC Suhl"]

1. d4 d5 2. c4 c6 3. Nf3 e6 4. Nbd2 f5 5. g3 Nf6 6. Bg2 Bd6 7. O-O O-O 8. b3
Bd7 9. Qc2 Be8 10. Ne5 Nbd7 11. Ndf3 Rc8 12. Bb2 Bh5 13. Rac1 Ne4 14. Nxd7 Qxd7
15. Ne5 Qd8 16. f3 Nf6 17. Qd2 Nd7 18. e4 dxe4 19. fxe4 Nxe5 0-1

[Event "Landesklasse West 2014/2015"]
[Site "?"]
[Date "2015.03.01"]
[Round "7"]
[White "Koch, Stefan"]
[Black "Roth, Ralf"]
[Result "1-0"]
[WhiteElo "1851"]
[BlackElo "1793"]
[PlyCount "85"]
[EventDate "2015.??.??"]
[WhiteTeam "SC Suhl"]
[BlackTeam "Randspringer Bad Salzungen"]

1. d4 Nf6 2. Nf3 d5 3. Bf4 c6 4. c3 Bf5 5. Nbd2 e6 6. e3 Bd6 7. Bxd6 Qxd6 8.
Ne5 Nbd7 9. Ndf3 O-O 10. Be2 Ne4 11. Nxd7 Qxd7 12. Ne5 Qe7 13. O-O f6 14. Nd3
Nd6 15. Nc5 b6 16. Nb3 e5 17. Rc1 Nc4 18. Bxc4 dxc4 19. Nd2 b5 20. e4 Be6 21.
dxe5 fxe5 22. Qe2 Rad8 23. Rfd1 Rf4 24. Nf1 Rdf8 25. f3 g5 26. Ne3 Qc5 27. Kh1
h5 28. Rg1 g4 29. Rcf1 g3 30. h3 Qe7 31. Nf5 Bxf5 32. exf5 R8xf5 33. Rd1 Qh4
34. Qd2 Rf8 35. Qd7 R4f7 36. Qxc6 Rf6 37. Qd5+ Kh7 38. Qxe5 Rxf3 39. Rd7+ R3f7
40. Qf5+ Kg7 41. Rf1 Rxd7 42. Qxf8+ Kg6 43. Qf5+ 1-0

[Event "Landesklasse West 2014/2015"]
[Site "?"]
[Date "2015.03.01"]
[Round "7"]
[White "Feldmann, Bernd"]
[Black "Will, Ralph"]
[Result "1-0"]
[WhiteElo "1841"]
[BlackElo "1785"]
[PlyCount "81"]
[EventDate "2015.??.??"]
[WhiteTeam "Randspringer Bad Salzungen"]
[BlackTeam "SC Suhl"]

1. d4 Nf6 2. c4 e6 3. Nc3 d5 4. Nf3 b6 5. Bg5 Be7 6. cxd5 exd5 7. e3 O-O 8. Bd3
Nbd7 9. Rc1 Bb7 10. O-O Rc8 11. a3 h6 12. Bh4 Ne4 13. Bxe7 Qxe7 14. Re1 c5 15.
Bb1 Rfd8 16. Ba2 Ndf6 17. Nxe4 Nxe4 18. Ne5 c4 19. f3 Nd6 20. Bb1 b5 21. Qc2 g6
22. Qf2 Kg7 23. Qg3 Qg5 24. Kf2 Re8 25. Nd7 Nf5 26. Qxg5 hxg5 27. Bxf5 gxf5 28.
Nc5 Bc6 29. h3 Re7 30. g4 Kg6 31. Rh1 Rce8 32. Rce1 a5 33. gxf5+ Kxf5 34. h4
Rh8 35. hxg5 Rxh1 36. Rxh1 Kxg5 37. Rh8 b4 38. axb4 axb4 39. Rc8 Bb7 40. Rb8 b3
41. Nxb7 1-0

[Event "Landesklasse West 2014/2015"]
[Site "?"]
[Date "2015.03.01"]
[Round "7"]
[White "v.d. Weth-v. Nordheim, Petra"]
[Black "Kunze, Heinz"]
[Result "0-1"]
[WhiteElo "1783"]
[BlackElo "1667"]
[PlyCount "79"]
[EventDate "2015.??.??"]
[WhiteTeam "SC Suhl"]
[BlackTeam "Randspringer Bad Salzungen"]

1. d4 Nf6 2. Nf3 g6 3. g3 Bg7 4. Bg2 O-O 5. O-O d5 6. c4 c6 7. c5 Nbd7 8. Qa4
Ne4 9. Ng5 Nxg5 10. Bxg5 h6 11. Be3 e5 12. dxe5 Nxe5 13. Bd4 Re8 14. e3 Bg4 15.
Nd2 Qd7 16. Qb3 Qe7 17. Rfe1 Rab8 18. h3 Be6 19. f4 Nd7 20. Qc3 f5 21. Nf3 Nf6
22. Ne5 Kh7 23. Qc2 Ne4 24. Bxe4 fxe4 25. Kh2 Rf8 26. Rf1 g5 27. g4 gxf4 28.
exf4 Rbe8 29. Qf2 Bc8 30. Rae1 Bf6 31. b4 Bh4 32. Qe2 Bxe1 33. Qxe1 a6 34. Qg3
Rg8 35. f5 Qg5 36. Be3 Qf6 37. Bf4 Bxf5 38. Bxh6 Qxe5 39. Qxe5 Rxe5 40. Bf4 0-1

[Event "Landesklasse West 2014/2015"]
[Site "?"]
[Date "2015.03.01"]
[Round "7"]
[White "Mäurer, Michael"]
[Black "Müller, Bernd"]
[Result "0-1"]
[WhiteElo "1576"]
[BlackElo "1702"]
[PlyCount "68"]
[EventDate "2015.??.??"]
[WhiteTeam "Randspringer Bad Salzungen"]
[BlackTeam "SC Suhl"]

1. d4 f5 2. e4 fxe4 3. Nc3 Nf6 4. Bg5 d6 5. Bxf6 exf6 6. Nxe4 d5 7. Ng3 Be6 8.
Bd3 Qe7 9. Qe2 g6 10. h4 Nc6 11. c3 O-O-O 12. O-O-O Qd7 13. Qc2 Bd6 14. N1e2 f5
15. f4 Ne7 16. Nf1 c5 17. dxc5 Bxc5 18. Nd4 Bxd4 19. cxd4+ Kb8 20. Kb1 Rc8 21.
Qb3 Rc7 22. Nh2 Rhc8 23. g3 Qd6 24. Rc1 Nc6 25. Nf3 Na5 26. Qb5 Nc6 27. Qb3 Bd7
28. Bb5 Na5 29. Qa4 Bxb5 30. Qxb5 Nc4 31. Qb3 Rc6 32. Qd3 Qc7 33. Qd1 Qb6 34.
Ka1 Qxb2# 0-1

[Event "Landesklasse West 2014/2015"]
[Site "?"]
[Date "2015.03.01"]
[Round "7"]
[White "Petiko, Nikolai"]
[Black "Geißhirt, Marco"]
[Result "1-0"]
[WhiteElo "1940"]
[BlackElo "1976"]
[PlyCount "83"]
[EventDate "2015.??.??"]
[WhiteTeam "SV Breitenworbis"]
[BlackTeam "SG Barchfeld/Breitungen"]

1. e4 g6 2. d4 c5 3. d5 d6 4. Nc3 Bg7 5. Be2 Nf6 6. Nf3 O-O 7. O-O a6 8. a4 b6
9. h3 e5 10. dxe6 Bxe6 11. Bf4 d5 12. exd5 Nxd5 13. Nxd5 Bxd5 14. c3 Ra7 15.
Bxb8 Rd7 16. Ne5 Qg5 17. Bf3 Bxe5 18. Bxe5 Qxe5 19. Re1 Qg5 20. Bxd5 Rxd5 21.
Qb3 Rd3 22. Qxb6 Rxh3 23. Qxa6 Rh5 24. Qc6 Kg7 25. Re3 Rb8 26. Rb1 Rd8 27. Qe4
Rd2 28. g3 Qf6 29. Rf3 Qd6 30. Kg2 Qd7 31. g4 Rg5 32. Rg3 h5 33. Qe3 Qd8 34.
gxh5 Rxh5 35. Qe4 Qh8 36. Qe3 Qa8+ 37. Qf3 Rxf2+ 38. Kxf2 Rf5 39. Qxf5 Qxa4 40.
Qe5+ Kg8 41. Rh3 Qc2+ 42. Kg3 1-0

[Event "Landesklasse West 2014/2015"]
[Site "?"]
[Date "2015.03.01"]
[Round "7"]
[White "Rommel, Uwe"]
[Black "Hellrung, Bernhard"]
[Result "1/2-1/2"]
[WhiteElo "1859"]
[BlackElo "1867"]
[PlyCount "29"]
[EventDate "2015.??.??"]
[WhiteTeam "SG Barchfeld/Breitungen"]
[BlackTeam "SV Breitenworbis"]

1. e4 d5 2. exd5 Qxd5 3. Nc3 Qa5 4. d4 Nf6 5. Nf3 c6 6. Bc4 Bf5 7. Bd2 Qc7 8.
Qe2 e6 9. d5 cxd5 10. Nxd5 Nxd5 11. Bxd5 Nc6 12. Bc3 Be7 13. Bxc6+ Qxc6 14. Nd4
Qe4 15. Nxf5 1/2-1/2

[Event "Landesklasse West 2014/2015"]
[Site "?"]
[Date "2015.03.01"]
[Round "7"]
[White "Bötticher, Heinz-Wilfried"]
[Black "Reum, Lutz"]
[Result "1/2-1/2"]
[WhiteElo "1825"]
[BlackElo "1800"]
[PlyCount "82"]
[EventDate "2015.??.??"]
[WhiteTeam "SV Breitenworbis"]
[BlackTeam "SG Barchfeld/Breitungen"]

1. d4 Nf6 2. c4 e6 3. Nf3 Bb4+ 4. Bd2 Bxd2+ 5. Nbxd2 d5 6. e3 O-O 7. Rc1 c6 8.
Bd3 Nbd7 9. O-O Qe7 10. e4 dxe4 11. Nxe4 Nxe4 12. Bxe4 Nf6 13. Re1 Nxe4 14.
Rxe4 Qb4 15. Qc2 c5 16. Rh4 g6 17. a3 Qb6 18. Qd2 f6 19. Rh6 cxd4 20. c5 Qd8
21. Qxd4 Qxd4 22. Nxd4 Bd7 23. Rh4 g5 24. Re4 e5 25. Nb3 Bc6 26. Re3 Rfd8 27.
Kf1 a5 28. Na1 Rd2 29. b4 Rad8 30. Nc2 Kf7 31. g3 Ke6 32. Ke1 Be8 33. Re2 R2d3
34. Re3 R3d7 35. Rc3 Rd3 36. Ne3 Bb5 37. g4 Rd2 38. R3c2 R2d3 39. Rc3 Rxc3 40.
Rxc3 Rd4 41. h3 Bc6 1/2-1/2

[Event "Landesklasse West 2014/2015"]
[Site "?"]
[Date "2015.03.01"]
[Round "7"]
[White "Crivellaro, Heiko"]
[Black "Gast, Rainer"]
[Result "1/2-1/2"]
[WhiteElo "1827"]
[BlackElo "1829"]
[PlyCount "64"]
[EventDate "2015.??.??"]
[WhiteTeam "SG Barchfeld/Breitungen"]
[BlackTeam "SV Breitenworbis"]

1. f4 d5 2. Nf3 c6 3. e3 Bg4 4. Be2 Nd7 5. O-O Ngf6 6. b3 Bxf3 7. Bxf3 e5 8.
fxe5 Nxe5 9. Be2 Bd6 10. Ba3 Bxa3 11. Nxa3 Qe7 12. Qc1 O-O-O 13. h3 g5 14. d4
Ng6 15. c4 Kb8 16. Nc2 h5 17. Qe1 Ne4 18. Bf3 f5 19. Bxe4 Qxe4 20. Rc1 g4 21.
h4 Rhf8 22. g3 Rde8 23. c5 Qd3 24. Qd1 Qc3 25. Qe1 Qd3 26. Qd1 Qe4 27. Qd2 Qe7
28. Rce1 Qc7 29. Kg2 Re4 30. Re2 Qe7 31. Rff2 Qe6 32. a4 Ne7 1/2-1/2

[Event "Landesklasse West 2014/2015"]
[Site "?"]
[Date "2015.03.01"]
[Round "7"]
[White "Vergin, Marcel"]
[Black "Wolf, Tristan"]
[Result "1-0"]
[WhiteElo "1793"]
[BlackElo "1594"]
[PlyCount "61"]
[EventDate "2015.??.??"]
[WhiteTeam "SV Breitenworbis"]
[BlackTeam "SG Barchfeld/Breitungen"]

1. d4 d5 2. Bf4 Nf6 3. e3 e6 4. Nd2 Bd6 5. Bg5 Be7 6. Bd3 Nbd7 7. Ngf3 b6 8. c3
Bb7 9. Ne5 Nxe5 10. dxe5 Nd7 11. Bf4 c5 12. Qg4 g5 13. Bxg5 Bxg5 14. f4 Bh4+
15. g3 d4 16. gxh4 Bxh1 17. Nc4 h6 18. O-O-O Bc6 19. Nd6+ Ke7 20. Nxf7 Kxf7 21.
Qg6+ Kf8 22. Qxe6 Bb7 23. Bg6 Qe7 24. Qf5+ Nf6 25. cxd4 cxd4 26. Rxd4 Rc8+ 27.
Kb1 Rg8 28. a4 Bf3 29. Qxc8+ Kg7 30. exf6+ Qxf6 31. Rd7+ 1-0

[Event "Landesklasse West 2014/2015"]
[Site "?"]
[Date "2015.03.01"]
[Round "7"]
[White "Abe, Rico"]
[Black "Leibeling, Lucian"]
[Result "1/2-1/2"]
[WhiteElo "1664"]
[BlackElo "1850"]
[PlyCount "29"]
[EventDate "2015.??.??"]
[WhiteTeam "SG Barchfeld/Breitungen"]
[BlackTeam "SV Breitenworbis"]

1. e4 c5 2. Nf3 d6 3. d4 cxd4 4. Nxd4 Nf6 5. Nc3 g6 6. Be3 Bg7 7. f3 O-O 8. Qd2
Nc6 9. h4 Bd7 10. Nxc6 bxc6 11. Bh6 Qb6 12. Bxg7 Kxg7 13. b3 a5 14. Qf2 Qb4 15.
Qd2 1/2-1/2

[Event "Landesklasse West 2014/2015"]
[Site "?"]
[Date "2015.03.01"]
[Round "7"]
[White "Biel, Peter"]
[Black "Heß, Wolfgang"]
[Result "1/2-1/2"]
[WhiteElo "1703"]
[BlackElo "1725"]
[PlyCount "31"]
[EventDate "2015.??.??"]
[WhiteTeam "SV Breitenworbis"]
[BlackTeam "SG Barchfeld/Breitungen"]

1. e4 d5 2. exd5 Qxd5 3. Nc3 Qa5 4. Nf3 Nf6 5. Be2 c6 6. O-O e6 7. d3 Bd6 8.
Bd2 Qc7 9. Ne4 Nxe4 10. dxe4 Nd7 11. c3 b6 12. Qc2 Bb7 13. Rad1 h6 14. Be3 Rd8
15. Qa4 Ba8 16. Qd4 1/2-1/2

[Event "Landesklasse West 2014/2015"]
[Site "?"]
[Date "2015.03.01"]
[Round "7"]
[White "Kaiser, Andre"]
[Black "Gast, Benedikt"]
[Result "1/2-1/2"]
[WhiteElo "1809"]
[BlackElo "1498"]
[PlyCount "42"]
[EventDate "2015.??.??"]
[WhiteTeam "SG Barchfeld/Breitungen"]
[BlackTeam "SV Breitenworbis"]

1. Nf3 d6 2. e4 e5 3. d4 Nd7 4. c4 Ngf6 5. Nc3 Be7 6. g3 O-O 7. Bg2 c6 8. O-O
h6 9. b3 Qc7 10. Bb2 Re8 11. Qd2 Bd8 12. Rad1 Nh7 13. Ne1 Bf6 14. Nc2 Ndf8 15.
Ne2 Bg4 16. h3 Be6 17. f4 Rad8 18. Ne3 Bc8 19. Qc1 Ne6 20. Qa1 exd4 21. Nxd4
Nc5 1/2-1/2

[Event "Landesklasse West 2014/2015"]
[Site "?"]
[Date "2015.03.01"]
[Round "7"]
[White "Minor, Viatcheslav"]
[Black "Meister, Matthias"]
[Result "1-0"]
[WhiteElo "1991"]
[BlackElo "1745"]
[PlyCount "59"]
[EventDate "2015.??.??"]
[WhiteTeam "SV Wartburgstadt Eisenach"]
[BlackTeam "SK Dingelstädt 1921"]

1. e4 d5 2. exd5 Qxd5 3. Nc3 Qa5 4. d4 c6 5. Nf3 Bg4 6. h3 Bh5 7. g4 Bg6 8. Bg2
e6 9. Ne5 Nf6 10. O-O Nbd7 11. Bf4 Be7 12. h4 h6 13. Nxg6 fxg6 14. Qe2 Nf8 15.
Rfd1 Nd5 16. Nxd5 cxd5 17. c4 Rd8 18. cxd5 exd5 19. Rac1 Rd7 20. Rc8+ Kf7 21.
g5 Ne6 22. Rxh8 Nxf4 23. Qg4 Qc7 24. Re1 h5 25. Qf3 a6 26. Re5 Qc1+ 27. Kh2 Qd2
28. Kg3 Qxd4 29. Qxf4+ Qxf4+ 30. Kxf4 1-0

[Event "Landesklasse West 2014/2015"]
[Site "?"]
[Date "2015.03.01"]
[Round "7"]
[White "Stöber, Alexander"]
[Black "Neef, Michael"]
[Result "1/2-1/2"]
[WhiteElo "1683"]
[BlackElo "1893"]
[PlyCount "83"]
[EventDate "2015.??.??"]
[WhiteTeam "SK Dingelstädt 1921"]
[BlackTeam "SV Wartburgstadt Eisenach"]

1. e4 d5 2. exd5 Qxd5 3. Nc3 Qd6 4. d4 c6 5. Nge2 Bf5 6. Bf4 Qd8 7. Qd2 Nf6 8.
Ng3 Bg6 9. h4 h6 10. h5 Bh7 11. O-O-O e6 12. a3 Bd6 13. f3 Bxf4 14. Qxf4 Nd5
15. Nxd5 cxd5 16. Bd3 Bxd3 17. Rxd3 Nc6 18. Ne2 Rc8 19. Qg3 Qf6 20. Rh4 Qg5+
21. f4 Qxg3 22. Rxg3 Rg8 23. Rhg4 Kf8 24. Kd2 Ne7 25. Rb3 b6 26. Rgg3 Nf5 27.
Rgc3 Ke7 28. Rxc8 Rxc8 29. Rc3 Rxc3 30. Kxc3 Ne3 31. g3 g6 32. hxg6 fxg6 33. b3
h5 34. Kd3 Nf1 35. c4 Kd6 36. b4 dxc4+ 37. Kxc4 a6 38. b5 a5 39. a4 Ke7 40. Kd3
Kd7 41. Ke4 Kd6 42. Kd3 1/2-1/2

[Event "Landesklasse West 2014/2015"]
[Site "?"]
[Date "2015.03.01"]
[Round "7"]
[White "Schwarz, Hilmar"]
[Black "Kirchberg, Hans-Georg"]
[Result "1/2-1/2"]
[WhiteElo "1872"]
[BlackElo "1661"]
[PlyCount "80"]
[EventDate "2015.??.??"]
[WhiteTeam "SV Wartburgstadt Eisenach"]
[BlackTeam "SK Dingelstädt 1921"]

1. e4 d5 2. exd5 Qxd5 3. Nf3 Nf6 4. Be2 a6 5. d4 e6 6. O-O Be7 7. Bf4 Qd8 8. c4
O-O 9. Nc3 Nbd7 10. Qc2 Bd6 11. Ne5 Qe7 12. Bf3 Rb8 13. Rac1 c5 14. Ne4 Nxe4
15. Qxe4 cxd4 16. Qxd4 Bxe5 17. Bxe5 Nxe5 18. Qxe5 Bd7 19. Rfd1 Bc6 20. Bxc6
bxc6 21. b3 Rfd8 22. Qa5 Ra8 23. Qb6 e5 24. h3 h6 25. Qxc6 Rdc8 26. Qe4 a5 27.
Rd3 a4 28. Rcd1 axb3 29. axb3 Ra2 30. Rd6 Ra3 31. R1d3 Rxb3 32. Rd7 Qe8 33.
R3d6 Rb6 34. Rd1 Rb4 35. R1d3 Rcb8 36. Kh2 R4b7 37. R7d6 Rb6 38. Rd7 R6b7 39.
R7d6 Rb6 40. Rd7 R6b7 1/2-1/2

[Event "Landesklasse West 2014/2015"]
[Site "?"]
[Date "2015.03.01"]
[Round "7"]
[White "Strecker, Frank"]
[Black "Königsdörfer, Gerhard"]
[Result "1/2-1/2"]
[WhiteElo "1643"]
[BlackElo "1886"]
[PlyCount "63"]
[EventDate "2015.??.??"]
[WhiteTeam "SK Dingelstädt 1921"]
[BlackTeam "SV Wartburgstadt Eisenach"]

1. Nf3 c5 2. c4 Nc6 3. Nc3 g6 4. g3 Bg7 5. Bg2 e6 6. e4 Nge7 7. O-O O-O 8. a3
a6 9. Rb1 d5 10. d3 Ne5 11. exd5 exd5 12. cxd5 Nxd5 13. Nxd5 Qxd5 14. Nh4 Qd8
15. Be3 c4 16. dxc4 Nxc4 17. Qb3 Nxe3 18. fxe3 Qe7 19. Bd5 Bh3 20. Rf2 Rae8 21.
Qxb7 Qxe3 22. Bxf7+ Kh8 23. Ng2 Bxg2 24. Kxg2 Re7 25. Qd5 Bd4 26. Rbf1 Kg7 27.
Rf3 Qe2+ 28. Kh3 Qxb2 29. Qd6 Re5 30. Qf6+ Kh6 31. Qf4+ Kg7 32. Qf6+ 1/2-1/2

[Event "Landesklasse West 2014/2015"]
[Site "?"]
[Date "2015.03.01"]
[Round "7"]
[White "Hilbert, Stephan-Jörg"]
[Black "Lorenz, Sebastian"]
[Result "1/2-1/2"]
[WhiteElo "1698"]
[BlackElo "1558"]
[PlyCount "98"]
[EventDate "2015.??.??"]
[WhiteTeam "SV Wartburgstadt Eisenach"]
[BlackTeam "SK Dingelstädt 1921"]

1. e4 e5 2. Nf3 Nc6 3. d4 exd4 4. c3 dxc3 5. Bc4 Bb4 6. O-O c2 7. Qxc2 d6 8. a3
Ba5 9. b4 Bb6 10. Bb2 Nf6 11. Nc3 O-O 12. Nd5 Nxd5 13. exd5 Ne7 14. Qc3 f6 15.
Ng5 Nf5 16. Ne6 Bxe6 17. dxe6 d5 18. Rad1 Bd4 19. Qf3 Bxb2 20. Qxf5 c6 21. Rd3
Qe7 22. Ba2 a5 23. b5 Bxa3 24. bxc6 bxc6 25. Bb1 g6 26. Rg3 Bd6 27. f4 Rfc8 28.
Qh5 Kh8 29. Bxg6 Rg8 30. Rh3 Rg7 31. Qf5 Rag8 32. Bf7 Rxg2+ 33. Kh1 R8g7 34.
Rxh7+ Rxh7 35. Kxg2 Rg7+ 36. Kh1 Bc5 37. Qh5+ Rh7 38. Qg6 Qd8 39. f5 d4 40. Re1
Qd5+ 41. Qg2 Qxg2+ 42. Kxg2 Be7 43. Rb1 Bd6 44. h3 Kg7 45. Rb7 Kf8 46. Rd7 Bc5
47. Rc7 d3 48. Rd7 Rg7+ 49. Kf3 Rh7 1/2-1/2

[Event "Landesklasse West 2014/2015"]
[Site "?"]
[Date "2015.03.01"]
[Round "7"]
[White "Nolte, Rainer"]
[Black "Graupner, Markus"]
[Result "1/2-1/2"]
[WhiteElo "1558"]
[BlackElo "1692"]
[PlyCount "52"]
[EventDate "2015.??.??"]
[WhiteTeam "SK Dingelstädt 1921"]
[BlackTeam "SV Wartburgstadt Eisenach"]

1. d4 d5 2. Nf3 Nf6 3. e3 e6 4. c4 a6 5. Nc3 Be7 6. Bd3 dxc4 7. Bxc4 b5 8. Bd3
Bb7 9. a3 c5 10. dxc5 Bxc5 11. Be2 O-O 12. Qxd8 Rxd8 13. b4 Be7 14. Bb2 Nbd7
15. O-O Nb6 16. Rfd1 Rxd1+ 17. Rxd1 Rd8 18. Ne5 Rxd1+ 19. Bxd1 Bd6 20. Nd3 Nc4
21. Bc1 Kf8 22. Bb3 Nd5 23. Nxd5 Bxd5 24. Bc2 a5 25. f3 axb4 26. axb4 Ke7
1/2-1/2